000 00473nam a2200157ia 4500
020 _a0803995997 (pbk.)
040 _cDLC
082 0 _a630 SAG 1989 A109 Or.
245 0 0 _aCommunication and Indian agriculture /
260 0 _aNew Delhi ;
_aNewbury Park, Calif. :
_bSage Publications,
_c1989
300 _a319 p. :
_bill. ;
_c23 cm
650 0 _aCommunication in agriculture
650 0 _aCommunication in rural development
700 1 0 _aOstman, Ronald Elroy,
942 _cEK
999 _c16998
_d16998